| 000 | 00427nam a2200157Ia 4500 | ||
|---|---|---|---|
| 008 | 230917s9999||||xx |||||||||||||| ||und|| | ||
| 040 |
_e197129 _aMAIN |
||
| 041 | _aEnglish | ||
| 082 | _a300.72 B648H(2) | ||
| 100 | _aBorse, M N | ||
| 245 | 0 | _aHandbook of research methodology: Modern methods and new techniques | |
| 250 | _a2nd ed. | ||
| 260 |
_aJaipur _bShree Niwas Publications _c2012 |
||
| 300 | _a501 p. | ||
| 942 | _cBK | ||
| 999 |
_c159112 _d159112 |
||